| 000 | 01387nam a2200373 a 4500 | ||
|---|---|---|---|
| 001 | 000017795 | ||
| 003 | DO-SdBNP | ||
| 005 | 20180322140456.0 | ||
| 007 | 000017795 | ||
| 008 | 100406s2001 dr 000 j spa d | ||
| 020 | _a9993454052 | ||
| 040 |
_aBPMSU _bspa _cBPMSU |
||
| 082 | 4 |
_aRD863.44 _bB171p |
|
| 100 |
_aBalaguer, Joaquín _d1906-2002 |
||
| 245 | 1 | 0 |
_aPremio nacional de literatura 1990 / _cJoaquín Balaguer ; estudio preliminar, Jorge Tena Reyes ; [edición al cuidado de Andrés Blanco Díaz] |
| 260 | 0 |
_aSanto Domingo : _bFundación Corripio, _c2001. |
|
| 300 |
_a764 p. ; _c25 cm. |
||
| 500 | _aIncluye referencias bibliográficas notas al pie de las páginas. | ||
| 505 |
_tLa isla al revés -- _tLos carpinteros. |
||
| 600 | 1 | 4 |
_aBALAGUER, JOAQUÍN, _d1906 - 2002 |
| 650 | 4 | _aCUENTOS DOMINICANOS | |
| 650 | 4 | _aLITERATURA DOMINICANA | |
| 651 | 4 |
_aREPÚBLICA DOMINICANA _xRELACIONES _zHAITÍ |
|
| 651 | 4 |
_aHAITÍ _xRELACIONES _zREPÚBLICA DOMINICANA |
|
| 651 | 4 |
_aREPÚBLICA DOMINICANA _xHISTORIA _y1844-1930 |
|
| 700 | 1 | 2 | _aTena Reyes, Jorge |
| 700 | 1 | 2 | _aBlanco Díaz, Andrés. |
| 700 | 1 | 2 |
_aBalaguer, Joaquín, _tLa isla al revés |
| 700 | 1 | 2 |
_aBlanco Díaz, Andrés. _tLos carpinteros. |
| 910 | _aValidado. Control de calidad MFF | ||
| 942 |
_2ddc _cBK |
||
| 945 | _aRemanejado para BNPHU / 2017 VM | ||
| 956 |
_aVMATEO _b10 _c20160406 _lBPMSU _h0069 |
||
| 999 |
_c7686 _d7686 |
||